00429nam a2200145Ia 4500008004100000041000900041082001800050100002200068245002600090260003900116300000800155650000800163999001700171952009500188230718s9999 xx 000 0 und d aEng. a346.02bKAM-A aKamal, Asmat Khan 0aAgarwala the Containa aPakistanbLaw booke Publiziec2005 a287 aLaw c29411d29411 00104070aSIRC-LbSIRC-Ld2023-07-18l0o346.02 KAM-Ap24362r2023-07-18w2023-07-18yBK